Culture Générale 2 - Statistiques

Statistiques générales
  • Ce quiz a été pris 70 fois
  • Le résultat moyen est 7 sur 20
Statistiques - réponses
Hint Réponse % Correct
Groupe où Freddy Mercury était le chanteur Queen
91%
Ville devenu célèbre où Bernadette Soubirous a vu la Vierge Marie 18 fois en 1858 Lourdes
71%
Premier acteur incarnant le personnage de James Bond au cinéma Sean Connery
68%
Chanteur emblématique des Rolling Stones Mick Jagger
54%
Entreprise française célèbre dans les jeux vidéos qui a produit : Assassin's Creed, Far Cry, Watch Dogs, Justa Dance Ubisoft
49%
Capitale du Bahamas Nassau
48%
Les deux plus grandes maisons d'éditions des comics américains Marvel et Dc Comics
46%
Métier de décoration à la main qui orne un manuscrit Enlumineur
43%
Peintre espagnol qui a peint la Tentation de Saint Antoine en 1946 Salvador Dali
42%
Musicien qui domine la vie musicale en France à l'époque du Roi-Soleil Jean-Baptiste Lully
38%
Fleuve important de l'Espagne et du Portugal Le Tage
25%
Livre de philosophie politique publiée en 1651 par Thomas Hobbes Léviathan
20%
Plat le plus populaire du Pérou Ceviche
17%
Compositeur de l'opéra "le barbier de Séville" Rossini
14%
Ville la plus peuplée d'Équateur surnommée la "Perle du Pacifique" Guayaquil
11%
Pâtisserie spécialité d'Amiens et Nancy Macaron
11%
Mouvement artistique européen du XVIIIe qui prend la suite du baroque, son nom désigne les grottes et rochers artificiels Rococo / Rocaille
11%
Personnage créé par Yves Brunier et Christophe Izard en 1974 Casimir
8%
Nom du phénomène découvert par Marco Zito que l'on donne à l'explosion spectaculaire d'une étoile qui produit une lumière plus puissante que toute la galaxie qui l'abrite Supernovas
6%
Culture née aux États-Unis à la mode dans les années 1920 et 1960 s'inspirant de la culture polynésienne Culture Tiki
2%
Aucun quiz correspondant
Distribution des résultats
% des personnes avec chaque résultat
Percentile par nombre de réponses
Votre historique - résultats
Vous n’avez pas pris ce quiz